000 00762nam a2200229Ia 4500
003 GCL
008 140319s9999 xx 000 0 ara d
040 _aGCL /
_cGCL
082 0 4 _a157
_bغ ب
100 1 _aغريب عبدالفتاح غريب
245 1 0 _aبحوث نفسية فى دولة الامارات العربية المتحدة ومصر /
_cغريب عبدالفتاح غريب
300 _aمتعدد
490 _a
650 0 4 _aمصر
650 0 4 _aالصحة النفسية
650 0 4 _aالامراض النفسية
650 0 4 _aالاكتئاب النفسى
650 0 4 _aالاضطرابات العصبية
650 0 4 _aدولة الامارات العربية
650 0 4 _aالمراهقة - علم نفس
942 _2ddc
_cBK
999 _c46221
_d46221